Statistics for Random Sequential Countries on the World Map - Hard Version

Click here to take the quiz!

General Stats

  • This quiz has been taken 47,702 times
    (26,518 since last reset)
  • The average score is 120 of 196

Answers on the Map

Answers color-coded by a green-red scale on the quiz's map according to % correct below.
 

Answer Stats

Country% Correct
Algeria
63%
Argentina
63%
Australia
63%
Brazil
63%
Canada
63%
Chile
63%
Egypt
63%
France
63%
Germany
63%
India
63%
Indonesia
63%
Italy
63%
Japan
63%
Kazakhstan
63%
Mongolia
63%
New Zealand
63%
Norway
63%
Papua New Guinea
63%
Sweden
63%
Turkey
63%
United Kingdom
63%
United States
63%
Afghanistan
62%
Angola
62%
Austria
62%
Bahamas
62%
Belarus
62%
Benin
62%
Bolivia
62%
Chad
62%
China
62%
Colombia
62%
Croatia
62%
Cuba
62%
Democratic Republic of the Congo
62%
Denmark
62%
Eritrea
62%
Estonia
62%
Ethiopia
62%
Finland
62%
Greece
62%
Iceland
62%
Iran
62%
Ireland
62%
Israel
62%
Kiribati
62%
Laos
62%
Latvia
62%
Lesotho
62%
Libya
62%
Madagascar
62%
Malawi
62%
Malaysia
62%
Mali
62%
Mauritania
62%
Mexico
62%
Morocco
62%
Mozambique
62%
Myanmar
62%
Namibia
62%
Nepal
62%
North Korea
62%
Oman
62%
Pakistan
62%
Panama
62%
Paraguay
62%
Peru
62%
Philippines
62%
Poland
62%
Portugal
62%
Russia
62%
Saudi Arabia
62%
Somalia
62%
South Africa
62%
South Korea
62%
Spain
62%
Sri Lanka
62%
Sudan
62%
Taiwan
62%
Thailand
62%
Tunisia
62%
Ukraine
62%
Uzbekistan
62%
Venezuela
62%
Vietnam
62%
Yemen
62%
Zambia
62%
Albania
61%
Andorra
61%
Bangladesh
61%
Belize
61%
Bhutan
61%
Bosnia and Herzegovina
61%
Botswana
61%
Cambodia
61%
Cameroon
61%
Cape Verde
61%
Central African Republic
61%
Comoros
61%
Costa Rica
61%
Cyprus
61%
Czech Republic
61%
East Timor
61%
Ecuador
61%
Equatorial Guinea
61%
Eswatini
61%
Federated States of Micronesia
61%
Fiji
61%
Gabon
61%
Gambia
61%
Georgia
61%
Ghana
61%
Guatemala
61%
Guyana
61%
Haiti
61%
Honduras
61%
Hungary
61%
Iraq
61%
Ivory Coast
61%
Jamaica
61%
Jordan
61%
Kenya
61%
Kosovo
61%
Kyrgyzstan
61%
Liechtenstein
61%
Lithuania
61%
Luxembourg
61%
Malta
61%
Mauritius
61%
Moldova
61%
Netherlands
61%
Nicaragua
61%
Niger
61%
Nigeria
61%
North Macedonia
61%
Romania
61%
Samoa
61%
San Marino
61%
São Tomé and Príncipe
61%
Senegal
61%
Serbia
61%
Seychelles
61%
Slovakia
61%
Solomon Islands
61%
South Sudan
61%
Suriname
61%
Switzerland
61%
Syria
61%
Tajikistan
61%
Tanzania
61%
Togo
61%
Turkmenistan
61%
United Arab Emirates
61%
Uruguay
61%
Vatican City
61%
Zimbabwe
61%
Antigua and Barbuda
60%
Armenia
60%
Azerbaijan
60%
Bahrain
60%
Belgium
60%
Brunei
60%
Bulgaria
60%
Burkina Faso
60%
Burundi
60%
Djibouti
60%
Dominican Republic
60%
El Salvador
60%
Guinea
60%
Guinea-Bissau
60%
Kuwait
60%
Lebanon
60%
Liberia
60%
Maldives
60%
Marshall Islands
60%
Monaco
60%
Montenegro
60%
Nauru
60%
Palau
60%
Qatar
60%
Republic of the Congo
60%
Rwanda
60%
Saint Kitts and Nevis
60%
Saint Lucia
60%
Saint Vincent and the Grenadines
60%
Singapore
60%
Slovenia
60%
Tonga
60%
Trinidad and Tobago
60%
Tuvalu
60%
Uganda
60%
Vanuatu
60%
Barbados
59%
Dominica
59%
Grenada
59%
Sierra Leone
59%

Score Distribution

Percentile by Number Answered

Percent of People with Each Score

Your Score History

You have not taken this quiz since the last reset